[Event "Mediteranian Flower WGM Tournament"]
[Site "Rijeka CRO"]
[Date "2005.03.05"]
[Round "1.1"]
[White "Pahor, Andrea"]
[Black "Macek, Vlasta"]
[Result "1-0"]
[WhiteElo "2064"]
[BlackElo "2214"]
[PlyCount "69"]
[EventDate "2005.03.05"]
[EventType "tourn"]
[EventRounds "9"]
[EventCountry "CRO"]
[Source "lmi"]
[SourceDate "2005.03.12"]

1. e4 e6 2. Qe2 c5 3. g3 Nf6 4. Bg2 d5 5. e5 Nfd7 6. d3 Nc6 7. f4 g6 8. Nf3 Rb8
9. O-O Bg7 10. c3 b5 11. a3 a5 12. Nbd2 c4 13. d4 Nb6 14. Rf2 b4 15. axb4 axb4
16. Nf1 Bd7 17. g4 Ra8 18. Rb1 Ra2 19. Qe1 b3 20. Ng3 O-O 21. f5 exf5 22. gxf5
Re8 23. Qf1 Rf8 24. f6 Bh8 25. Bh6 Re8 26. Ng5 Qc8 27. Bg7 Nd8 28. Rf4 Bxg7 29.
fxg7 Ne6 30. Nxf7 Nxf4 31. Qxf4 Be6 32. Nh6+ Kxg7 33. Nh5+ gxh5 34. Qg5+ Kf8
35. Qf6+ 1-0

[Event "Mediteranian Flower WGM Tournament"]
[Site "Rijeka CRO"]
[Date "2005.03.05"]
[Round "1.2"]
[White "Sargac, Rajna"]
[Black "Srebrnic, Ana"]
[Result "1-0"]
[WhiteElo "2208"]
[BlackElo "2226"]
[PlyCount "63"]
[EventDate "2005.03.05"]
[EventType "tourn"]
[EventRounds "9"]
[EventCountry "CRO"]
[Source "lmi"]
[SourceDate "2005.03.12"]

1. d4 d6 2. c4 e5 3. Nf3 e4 4. Nfd2 f5 5. e3 Nf6 6. Nc3 g6 7. Be2 Bg7 8. O-O
O-O 9. f4 exf3 10. Nxf3 Re8 11. Bd3 Nc6 12. Re1 Ne4 13. a3 Ng5 14. Bd2 Bd7 15.
Nd5 Ne4 16. b4 Be6 17. Nf4 Nxd2 18. Qxd2 Bf7 19. h4 Kh8 20. b5 Nb8 21. e4 fxe4
22. Bxe4 c6 23. Ng5 Qf6 24. Rad1 d5 25. cxd5 cxb5 26. Nfe6 Bxe6 27. dxe6 Nc6
28. d5 Nd4 29. Rf1 Nf5 30. Qf2 h6 31. Nf7+ Kh7 32. h5 1-0

[Event "Mediteranian Flower WGM Tournament"]
[Site "Rijeka CRO"]
[Date "2005.03.05"]
[Round "1.3"]
[White "Pokorna, Regina"]
[Black "Medic, Mirjana"]
[Result "0-1"]
[WhiteElo "2374"]
[BlackElo "2245"]
[PlyCount "130"]
[EventDate "2005.03.05"]
[EventType "tourn"]
[EventRounds "9"]
[EventCountry "CRO"]
[Source "lmi"]
[SourceDate "2005.03.12"]

1. e4 e6 2. d4 d5 3. Nd2 c5 4. Ngf3 Nf6 5. e5 Nfd7 6. c3 Nc6 7. Bd3 Qb6 8. O-O
cxd4 9. cxd4 Nxd4 10. Nxd4 Qxd4 11. Nf3 Qc5 12. a3 Be7 13. Qa4 O-O 14. Bg5 Bxg5
15. Bxh7+ Kh8 16. Nxg5 Qc4 17. Qd1 Qh4 18. f4 Nxe5 19. Qe2 f6 20. Bc2 Qg4 21.
Nf3 Ng6 22. Bxg6 Qxg6 23. Nh4 Qh6 24. Qg4 Kg8 25. Ng6 Re8 26. Rf3 Kf7 27. Rc1
Bd7 28. Rc7 Rad8 29. Nh4 f5 30. Qh3 Rh8 31. g3 Kg8 32. Qg2 Bc6 33. Rd3 Qf6 34.
Qd2 e5 35. Qc3 d4 36. Qc4+ Bd5 37. Qc5 b6 38. fxe5 Qxe5 39. Qe7 Qxe7 40. Rxe7
Be4 41. Rd2 g5 42. Ng2 Rh7 43. Rxh7 Kxh7 44. h4 gxh4 45. Nxh4 Kh6 46. Kf2 d3
47. Nf3 Bxf3 48. Kxf3 Kg5 49. Kg2 Kg4 50. Kf2 Rd4 51. Ke3 Re4+ 52. Kxd3 Kxg3
53. Rc2 Re7 54. Rc6 f4 55. b4 Re3+ 56. Kd2 Rxa3 57. Rc7 f3 58. Rg7+ Kf2 59. b5
Kf1 60. Rf7 f2 61. Rg7 Ra2+ 62. Kd1 Ra5 63. Kd2 Rxb5 64. Rxa7 Rd5+ 65. Kc2 Rg5
0-1

[Event "Mediteranian Flower WGM Tournament"]
[Site "Rijeka CRO"]
[Date "2005.03.05"]
[Round "1.5"]
[White "Bogza, Adina-Maria"]
[Black "Grabics, Monika"]
[Result "1/2-1/2"]
[WhiteElo "2272"]
[BlackElo "2326"]
[PlyCount "20"]
[EventDate "2005.03.05"]
[EventType "tourn"]
[EventRounds "9"]
[EventCountry "CRO"]
[Source "lmi"]
[SourceDate "2005.03.12"]

1. Nf3 Nf6 2. g3 g6 3. Bg2 Bg7 4. O-O O-O 5. d4 d6 6. c4 Nc6 7. Nc3 Rb8 8. b3
a6 9. Bb2 b5 10. cxb5 axb5 1/2-1/2

[Event "Mediteranian Flower WGM Tournament"]
[Site "Rijeka CRO"]
[Date "2005.03.06"]
[Round "2.1"]
[White "Macek, Vlasta"]
[Black "Grabics, Monika"]
[Result "1-0"]
[WhiteElo "2214"]
[BlackElo "2326"]
[PlyCount "107"]
[EventDate "2005.03.05"]
[EventType "tourn"]
[EventRounds "9"]
[EventCountry "CRO"]
[Source "lmi"]
[SourceDate "2005.03.12"]

1. d4 g6 2. Nf3 Bg7 3. c4 d6 4. Nc3 e5 5. dxe5 dxe5 6. Qxd8+ Kxd8 7. Bg5+ f6 8.
O-O-O+ Nd7 9. Be3 Bh6 10. Nd5 Bxe3+ 11. Nxe3 c6 12. g3 Kc7 13. Bg2 Ne7 14. h4
Nc5 15. Nd2 a5 16. Ne4 Nxe4 17. Bxe4 f5 18. Bd3 Be6 19. f4 e4 20. Bc2 h5 21.
Rd2 b5 22. b3 a4 23. Rhd1 axb3 24. Bxb3 Rhd8 25. Rxd8 Rxd8 26. Rxd8 Kxd8 27.
Kb2 Kc7 28. Kc3 Kd6 29. Kb4 Bd7 30. c5+ Kc7 31. Bf7 Kd8 32. Kc3 Be8 33. Bb3 Nc8
34. Kd4 Ke7 35. Ke5 Bf7 36. Nc2 Be8 37. Nb4 Bd7 38. a3 Na7 39. Nc2 Nc8 40. Nd4
Na7 41. Be6 Bxe6 42. Nxe6 Nc8 43. Nd4 Kd7 44. Kf6 Ne7 45. Kf7 Kd8 46. Ke6 e3
47. Kd6 Ke8 48. Nxc6 Ng8 49. Ke6 Nh6 50. Nd4 Ng4 51. c6 Kd8 52. Kd6 Nf2 53. c7+
Kc8 54. Kc6 1-0

[Event "Mediteranian Flower WGM Tournament"]
[Site "Rijeka CRO"]
[Date "2005.03.06"]
[Round "2.2"]
[White "Ionica, Iulia-Ionela"]
[Black "Bogza, Adina-Maria"]
[Result "1/2-1/2"]
[WhiteElo "2240"]
[BlackElo "2272"]
[PlyCount "25"]
[EventDate "2005.03.05"]
[EventType "tourn"]
[EventRounds "9"]
[EventCountry "CRO"]
[Source "lmi"]
[SourceDate "2005.03.12"]

1. e4 d6 2. d4 Nf6 3. Nc3 g6 4. Nf3 Bg7 5. Be2 O-O 6. O-O c6 7. h3 Nbd7 8. a4
e5 9. dxe5 Nxe5 10. Nxe5 dxe5 11. Qxd8 Rxd8 12. Be3 Be6 13. Rfd1 1/2-1/2

[Event "Mediteranian Flower WGM Tournament"]
[Site "Rijeka CRO"]
[Date "2005.03.06"]
[Round "2.3"]
[White "Medic, Mirjana"]
[Black "Franciskovic, Borka"]
[Result "1/2-1/2"]
[WhiteElo "2245"]
[BlackElo "2193"]
[PlyCount "57"]
[EventDate "2005.03.05"]
[EventType "tourn"]
[EventRounds "9"]
[EventCountry "CRO"]
[Source "lmi"]
[SourceDate "2005.03.12"]

1. d4 Nf6 2. c4 e6 3. Nc3 Bb4 4. Qc2 c5 5. dxc5 Qc7 6. Nf3 Bxc5 7. e3 a6 8. Be2
b6 9. O-O Bb7 10. b3 O-O 11. Bb2 Be7 12. Rac1 d6 13. Rfd1 Nbd7 14. Ng5 h6 15.
Nge4 Nc5 16. Bf3 Ncxe4 17. Nxe4 Nxe4 18. Bxe4 Bxe4 19. Qxe4 Rfd8 20. Rd2 Rac8
21. h3 Bf8 22. a4 Qc5 23. Qb1 Rc6 24. Rcd1 Qb4 25. Ba1 b5 26. axb5 axb5 27.
cxb5 Qxb5 28. Qd3 Rb8 29. Qxb5 1/2-1/2

[Event "Mediteranian Flower WGM Tournament"]
[Site "Rijeka CRO"]
[Date "2005.03.06"]
[Round "2.4"]
[White "Srebrnic, Ana"]
[Black "Pokorna, Regina"]
[Result "0-1"]
[WhiteElo "2226"]
[BlackElo "2374"]
[PlyCount "64"]
[EventDate "2005.03.05"]
[EventType "tourn"]
[EventRounds "9"]
[EventCountry "CRO"]
[Source "lmi"]
[SourceDate "2005.03.12"]

1. Nf3 Nf6 2. c4 e6 3. Nc3 d5 4. d4 Bb4 5. Qa4+ Nc6 6. Ne5 Bd7 7. Nxd7 Qxd7 8.
a3 Bxc3+ 9. bxc3 O-O 10. e3 a6 11. Be2 Rfb8 12. cxd5 exd5 13. c4 b5 14. cxb5
axb5 15. Qc2 b4 16. Bb2 b3 17. Qc1 Na5 18. Bd3 Ne8 19. O-O Nd6 20. Re1 Nac4 21.
e4 c6 22. e5 Nxb2 23. Qxb2 Nc4 24. Bxc4 dxc4 25. Rac1 Ra4 26. Re3 Rd8 27. e6
fxe6 28. Qe2 Qxd4 29. Rxe6 h6 30. Re8+ Rxe8 31. Qxe8+ Kh7 32. Qe6 Qd5 0-1

[Event "Mediteranian Flower WGM Tournament"]
[Site "Rijeka CRO"]
[Date "2005.03.06"]
[Round "2.5"]
[White "Pahor, Andrea"]
[Black "Sargac, Rajna"]
[Result "0-1"]
[WhiteElo "2064"]
[BlackElo "2208"]
[PlyCount "82"]
[EventDate "2005.03.05"]
[EventType "tourn"]
[EventRounds "9"]
[EventCountry "CRO"]
[Source "lmi"]
[SourceDate "2005.03.12"]

1. c4 e6 2. g3 f5 3. Bg2 Nf6 4. Nf3 Be7 5. O-O O-O 6. Nc3 d6 7. d3 Nc6 8. a3 a5
9. Rb1 Qe8 10. b4 axb4 11. axb4 Bd8 12. b5 Ne7 13. Qb3 Qh5 14. e3 Kh8 15. Ba3
e5 16. c5 e4 17. Ne1 d5 18. c6 bxc6 19. bxc6 Be6 20. d4 f4 21. exf4 Ng4 22. h3
Nh6 23. Kh2 Qf7 24. Bc5 Nhf5 25. Nc2 Ra6 26. Nb4 Ra5 27. Nc2 Rxc5 28. dxc5 d4
29. Qb2 dxc3 30. Qxc3 Nd5 31. Qd2 Be7 32. Bxe4 Bxc5 33. Rb5 Nd6 34. Bxd5 Nxb5
35. Bg2 Nd6 36. Qc3 Bb6 37. Qf3 Bf5 38. Nb4 Be4 39. Qe2 Bxg2 40. Kxg2 Qb3 41.
Qd2 Ba5 0-1

[Event "Mediteranian Flower WGM Tournament"]
[Site "Rijeka CRO"]
[Date "2005.03.07"]
[Round "3.1"]
[White "Sargac, Rajna"]
[Black "Macek, Vlasta"]
[Result "1/2-1/2"]
[WhiteElo "2208"]
[BlackElo "2214"]
[PlyCount "162"]
[EventDate "2005.03.05"]
[EventType "tourn"]
[EventRounds "9"]
[EventCountry "CRO"]
[Source "lmi"]
[SourceDate "2005.03.12"]

1. e4 e6 2. Nc3 d5 3. Nf3 Nf6 4. e5 Nfd7 5. d4 h6 6. Bd3 c5 7. dxc5 Nxc5 8. O-O
Nc6 9. Qe2 a6 10. a3 b5 11. b4 Nd7 12. Re1 Nb6 13. Nd2 Qc7 14. Nb3 Nc4 15. f4
g6 16. Kh1 Ne7 17. Nd1 Bb7 18. c3 h5 19. Ne3 Nb6 20. Bd2 Nf5 21. Nxf5 gxf5 22.
Nd4 Bc8 23. Rf1 Be7 24. Rf3 Bd7 25. Be1 O-O-O 26. Bc2 Kb8 27. Bf2 Rc8 28. a4
bxa4 29. Qxa6 Qb7 30. Qe2 Rc4 31. Be1 Rc7 32. Bd3 Nc4 33. Bc2 Nb6 34. Nb5 Bxb5
35. Qxb5 f6 36. exf6 Bxf6 37. Qe2 Rc6 38. Bxa4 Rd6 39. Bb5 h4 40. h3 Rc8 41.
Re3 Qf7 42. Ra6 Rc7 43. c4 dxc4 44. Rea3 Bd4 45. Qa2 Rb7 46. Bxc4 Rc6 47. Be2
Rc1 48. Qd2 Qc7 49. Qxd4 Rxe1+ 50. Kh2 Rxe2 51. Qh8+ Qc8 52. Ra8+ Nxa8 53.
Rxa8+ Kxa8 54. Qxc8+ Ka7 55. Qc5+ Rb6 56. b5 Re4 57. Qc7+ Rb7 58. Qc5+ Rb6 59.
Qa3+ Kb8 60. Qf8+ Ka7 61. Qe7+ Ka8 62. Qxh4 Rxb5 63. Qd8+ Kb7 64. Qd7+ Kb6 65.
Qd2 Rd5 66. Qf2+ Kc6 67. h4 Rdd4 68. Qc2+ Kd6 69. g3 Ke7 70. Qc7+ Rd7 71. Qc3
Re2+ 72. Kh3 Rdd2 73. Qg7+ Kd6 74. Qf8+ Kc7 75. Qc5+ Kd7 76. Qg1 Ke7 77. Qh1
Kf6 78. Qa1+ Kg6 79. h5+ Kxh5 80. Qh8+ Kg6 81. Qg8+ Kf6 1/2-1/2

[Event "Mediteranian Flower WGM Tournament"]
[Site "Rijeka CRO"]
[Date "2005.03.07"]
[Round "3.2"]
[White "Pokorna, Regina"]
[Black "Pahor, Andrea"]
[Result "1-0"]
[WhiteElo "2374"]
[BlackElo "2064"]
[PlyCount "33"]
[EventDate "2005.03.05"]
[EventType "tourn"]
[EventRounds "9"]
[EventCountry "CRO"]
[Source "lmi"]
[SourceDate "2005.03.12"]

1. e4 c5 2. Nf3 a6 3. c4 d6 4. d4 Bg4 5. dxc5 Bxf3 6. gxf3 Qa5+ 7. Nc3 Qxc5 8.
Be3 Qa5 9. Bd2 Qc5 10. Nd5 Nd7 11. Qa4 Rc8 12. b4 Qc6 13. b5 axb5 14. cxb5 Nc5
15. bxc6 Nxa4 16. cxb7 Rb8 17. Bb5+ 1-0

[Event "Mediteranian Flower WGM Tournament"]
[Site "Rijeka CRO"]
[Date "2005.03.07"]
[Round "3.5"]
[White "Grabics, Monika"]
[Black "Ionica, Iulia-Ionela"]
[Result "1/2-1/2"]
[WhiteElo "2326"]
[BlackElo "2240"]
[PlyCount "65"]
[EventDate "2005.03.05"]
[EventType "tourn"]
[EventRounds "9"]
[EventCountry "CRO"]
[Source "lmi"]
[SourceDate "2005.03.12"]

1. e4 c5 2. Nf3 e6 3. d4 cxd4 4. Nxd4 Nf6 5. Nc3 d6 6. f4 a6 7. Qf3 Qb6 8. Nb3
Qc7 9. Be3 b5 10. Bd3 Bb7 11. O-O-O Nbd7 12. g4 b4 13. Ne2 d5 14. Ng3 Rc8 15.
Rd2 dxe4 16. Nxe4 Nxe4 17. Bxe4 Bxe4 18. Qxe4 Nf6 19. Qf3 Nd5 20. f5 Nxe3 21.
Qxe3 Bd6 22. Rf1 Bxh2 23. fxe6 f6 24. Kb1 Be5 25. Qd3 O-O 26. Rh1 h6 27. Qg6
Qc6 28. Rxh6 Qxe6 29. Rh7 Qf7 30. Qe4 Qc4 31. Qh1 Qxg4 32. Rh8+ Kf7 33. Qd5+
1/2-1/2

[Event "Mediteranian Flower WGM Tournament"]
[Site "Rijeka CRO"]
[Date "2005.03.08"]
[Round "4.1"]
[White "Macek, Vlasta"]
[Black "Ionica, Iulia-Ionela"]
[Result "0-1"]
[WhiteElo "2214"]
[BlackElo "2240"]
[PlyCount "88"]
[EventDate "2005.03.05"]
[EventType "tourn"]
[EventRounds "9"]
[EventCountry "CRO"]
[Source "lmi"]
[SourceDate "2005.03.12"]

1. d4 Nf6 2. Nf3 e6 3. g3 c5 4. Bg2 Nc6 5. O-O d5 6. b3 Be7 7. Bb2 O-O 8. Nbd2
b6 9. c4 cxd4 10. cxd5 Nxd5 11. Nxd4 Nxd4 12. Bxd4 Bb7 13. Nc4 f6 14. Rc1 Qd7
15. Bb2 Rfd8 16. Qd3 Bc5 17. Qb1 Qe7 18. Be4 h6 19. Rcd1 Rac8 20. a4 a6 21. Rd3
b5 22. Nd2 f5 23. Bxd5 Bxd5 24. axb5 axb5 25. Be5 Ba8 26. Nf3 Be4 27. Rxd8+
Rxd8 28. Qb2 Qb7 29. Qc3 Bb6 30. Rc1 Qa7 31. Kf1 Qf7 32. Ng1 Kh7 33. f3 Bb7 34.
Nh3 g5 35. Qb4 Rd5 36. Ba1 Qd7 37. Kg2 Be3 38. Rc2 Rd1 39. Bb2 g4 40. Nf2 gxf3+
41. exf3 Rg1+ 42. Kxg1 Qd1+ 43. Kg2 Bxf3+ 44. Kh3 Qf1+ 0-1

[Event "Mediteranian Flower WGM Tournament"]
[Site "Rijeka CRO"]
[Date "2005.03.08"]
[Round "4.2"]
[White "Medic, Mirjana"]
[Black "Grabics, Monika"]
[Result "1/2-1/2"]
[WhiteElo "2245"]
[BlackElo "2326"]
[PlyCount "25"]
[EventDate "2005.03.05"]
[EventType "tourn"]
[EventRounds "9"]
[EventCountry "CRO"]
[Source "lmi"]
[SourceDate "2005.03.12"]

1. d4 g6 2. Nf3 Bg7 3. c4 d6 4. Nc3 e5 5. e3 Nc6 6. dxe5 dxe5 7. Qxd8+ Kxd8 8.
e4 Nd4 9. Bd3 Nxf3+ 10. gxf3 Be6 11. Be3 c6 12. O-O-O Bh6 13. Ne2 1/2-1/2

[Event "Mediteranian Flower WGM Tournament"]
[Site "Rijeka CRO"]
[Date "2005.03.08"]
[Round "4.3"]
[White "Srebrnic, Ana"]
[Black "Bogza, Adina-Maria"]
[Result "1-0"]
[WhiteElo "2226"]
[BlackElo "2272"]
[PlyCount "71"]
[EventDate "2005.03.05"]
[EventType "tourn"]
[EventRounds "9"]
[EventCountry "CRO"]
[Source "lmi"]
[SourceDate "2005.03.12"]

1. d4 Nf6 2. c4 g6 3. Nc3 Bg7 4. e4 O-O 5. Nf3 c6 6. e5 Ne8 7. Bf4 d5 8. h3 Nc7
9. Qd2 dxc4 10. Bxc4 Be6 11. Bxe6 Nxe6 12. Be3 Nd7 13. Bh6 Nb6 14. Bxg7 Kxg7
15. O-O Qd7 16. Rfd1 Rfd8 17. Rac1 f6 18. Qc2 Rac8 19. a4 Nd5 20. a5 Nef4 21.
Re1 Nb4 22. Qd2 Nfd3 23. Ne4 Nxe1 24. Rxe1 Na6 25. exf6+ exf6 26. Nxf6 Qf5 27.
Nxh7 Re8 28. Nhg5 Nc7 29. Ne5 Nd5 30. Ngf7 Qf6 31. Qh6+ Kg8 32. Re4 Re6 33. Ng5
Re7 34. Nxg6 Rf7 35. Nxf7 Kxf7 36. Ne5+ 1-0

[Event "Mediteranian Flower WGM Tournament"]
[Site "Rijeka CRO"]
[Date "2005.03.08"]
[Round "4.5"]
[White "Sargac, Rajna"]
[Black "Pokorna, Regina"]
[Result "0-1"]
[WhiteElo "2208"]
[BlackElo "2374"]
[PlyCount "122"]
[EventDate "2005.03.05"]
[EventType "tourn"]
[EventRounds "9"]
[EventCountry "CRO"]
[Source "lmi"]
[SourceDate "2005.03.12"]

1. d4 d5 2. Nf3 e6 3. c4 c5 4. e3 Nc6 5. Nc3 Nf6 6. Be2 Bd6 7. O-O O-O 8. dxc5
Bxc5 9. cxd5 exd5 10. a3 a6 11. Qc2 Qe7 12. b4 Ba7 13. b5 Ne5 14. a4 Bb8 15.
Ng5 Ng6 16. g3 axb5 17. Bxb5 Bg4 18. f4 Ba7 19. Qd3 Rfd8 20. h3 Bd7 21. Kh2 d4
22. exd4 Bxd4 23. Ba3 Bxb5 24. Qxb5 Qe3 25. Qxb7 Ra7 26. Qf3 Qxc3 27. Qxc3 Bxc3
28. Rad1 Re8 29. Bc5 Rxa4 30. Rf2 h6 31. Nf3 Rc8 32. Bd4 Bxd4 33. Rxd4 Rxd4 34.
Nxd4 Rd8 35. Nf3 Rd3 36. f5 Ne7 37. g4 Ned5 38. Ne5 Re3 39. Nc4 Rc3 40. Ne5 Kf8
41. Ra2 Ke7 42. Ra7+ Rc7 43. Rxc7+ Nxc7 44. Kg3 Nfd5 45. h4 h5 46. g5 Ne8 47.
Kf3 Nd6 48. Nc6+ Ke8 49. Nd4 Kd7 50. Kg3 Nc4 51. Kf3 Kd6 52. Ke4 Nd2+ 53. Kd3
Nb1 54. Ke4 Nbc3+ 55. Kf3 Ke5 56. g6 fxg6 57. Ne6 gxf5 58. Nxg7 Nf6 59. Ke3
Nce4 60. Kf3 Nd6 61. Ke3 f4+ 0-1

[Event "Mediteranian Flower WGM Tournament"]
[Site "Rijeka CRO"]
[Date "2005.03.09"]
[Round "5.1"]
[White "Pokorna, Regina"]
[Black "Macek, Vlasta"]
[Result "1/2-1/2"]
[WhiteElo "2374"]
[BlackElo "2214"]
[PlyCount "120"]
[EventDate "2005.03.05"]
[EventType "tourn"]
[EventRounds "9"]
[EventCountry "CRO"]
[Source "lmi"]
[SourceDate "2005.03.12"]

1. e4 e6 2. d4 d5 3. Nd2 c5 4. exd5 exd5 5. Ngf3 Nf6 6. Bb5+ Bd7 7. Qe2+ Be7 8.
dxc5 O-O 9. Nb3 a6 10. Bxd7 Nbxd7 11. O-O Bxc5 12. Bg5 Re8 13. Qd3 Qc7 14. Rad1
Bb6 15. Qf5 Rac8 16. Bxf6 Nxf6 17. Nbd4 Re4 18. c3 Rce8 19. Qg5 h6 20. Qd2 Qd7
21. Rfe1 Bc7 22. Ne2 Qf5 23. Ng3 Bxg3 24. hxg3 Qc8 25. Nd4 Qc4 26. a3 Qc7 27.
Nf5 Qe5 28. Rxe4 dxe4 29. Qf4 Qxf4 30. gxf4 g6 31. Ne3 Kg7 32. Rd6 h5 33. Kf1
Re7 34. Ke2 Rd7 35. Rb6 Ne8 36. Nc4 Nf6 37. Ne5 Re7 38. c4 Ng4 39. Nxg4 hxg4
40. c5 Rd7 41. Ke3 f5 42. g3 Rd3+ 43. Ke2 Rd7 44. b4 Kf7 45. c6 bxc6 46. Rxc6
a5 47. bxa5 Rd3 48. a4 Rd4 49. a6 Rxa4 50. Ke3 Kg7 51. Rc7+ Kf6 52. Ra7 Ke6 53.
Ra8 Kf7 54. a7 Kg7 55. Kd2 Ra3 56. Kc2 Ra2+ 57. Kb3 Ra1 58. Kb4 Ra6 59. Kb5 Ra1
60. Kc6 Rc1+ 1/2-1/2

[Event "Mediteranian Flower WGM Tournament"]
[Site "Rijeka CRO"]
[Date "2005.03.09"]
[Round "5.2"]
[White "Franciskovic, Borka"]
[Black "Sargac, Rajna"]
[Result "1/2-1/2"]
[WhiteElo "2193"]
[BlackElo "2208"]
[PlyCount "120"]
[EventDate "2005.03.05"]
[EventType "tourn"]
[EventRounds "9"]
[EventCountry "CRO"]
[Source "lmi"]
[SourceDate "2005.03.12"]

1. c4 b6 2. Nf3 Bb7 3. g3 Bxf3 4. exf3 e6 5. Bg2 c6 6. O-O Be7 7. d4 d5 8. Qe2
Bf6 9. Bf4 Ne7 10. Rd1 O-O 11. Nc3 Nd7 12. Be5 Ng6 13. Bxf6 Nxf6 14. f4 Qd7 15.
Qf3 Rac8 16. f5 Ne7 17. fxe6 fxe6 18. Qe2 Nf5 19. Bh3 Rce8 20. Rd2 Nd6 21. cxd5
cxd5 22. Rc2 Nf5 23. Rd1 Rc8 24. Qd3 Ne8 25. Ne2 Rxc2 26. Qxc2 Ned6 27. Nf4 Ne4
28. Bg2 Nfd6 29. f3 Ng5 30. h4 Ngf7 31. Bh3 Nd8 32. Qe2 Nf5 33. Bxf5 Rxf5 34.
b3 Rf6 35. Kg2 Nc6 36. Qb5 Qd6 37. Qa6 Rf8 38. Qe2 Re8 39. Qe3 Nb4 40. a4 Nc6
41. Qd2 Ne7 42. Re1 Nc6 43. Rd1 Na5 44. Qe3 Qa3 45. Nxd5 Qxb3 46. Qxb3 Nxb3 47.
Nc3 Rd8 48. d5 exd5 49. Rxd5 Rxd5 50. Nxd5 Nc5 51. Nc3 Kf7 52. Kf2 Ke6 53. Ke3
Ke5 54. g4 g6 55. f4+ Ke6 56. Kf3 h5 57. Kg3 Kf6 58. Nd5+ Ke6 59. Nc3 Kf6 60.
Nd5+ Ke6 1/2-1/2

[Event "Mediteranian Flower WGM Tournament"]
[Site "Rijeka CRO"]
[Date "2005.03.09"]
[Round "5.3"]
[White "Bogza, Adina-Maria"]
[Black "Pahor, Andrea"]
[Result "1-0"]
[WhiteElo "2272"]
[BlackElo "2064"]
[PlyCount "113"]
[EventDate "2005.03.05"]
[EventType "tourn"]
[EventRounds "9"]
[EventCountry "CRO"]
[Source "lmi"]
[SourceDate "2005.03.12"]

1. d4 Nf6 2. Nf3 e6 3. g3 b6 4. Bg2 Bb7 5. O-O c5 6. dxc5 bxc5 7. c4 Be7 8. Nc3
O-O 9. Bf4 Qb6 10. Nb5 d6 11. Qb3 Rd8 12. Rfd1 e5 13. Bg5 h6 14. Bxf6 Bxf6 15.
Nxd6 Qxb3 16. axb3 Bc6 17. Nb5 Rxd1+ 18. Rxd1 Na6 19. Ne1 Nb4 20. Bxc6 Nxc6 21.
Nd3 Be7 22. Ra1 a5 23. Nc3 Nd4 24. Nxe5 Nxb3 25. Ra3 Nd4 26. e3 Nc2 27. Ra4 Nb4
28. Nd5 Bd6 29. Nxb4 Bxe5 30. Nc6 Bxb2 31. Rxa5 Rxa5 32. Nxa5 Kf8 33. Nb3 Ba3
34. Kg2 Ke7 35. e4 Kd6 36. f4 f6 37. Kh3 Ke6 38. Nd2 Bc1 39. Nf3 Kf7 40. f5 Bb2
41. Kg4 Ke7 42. Kh5 Kf7 43. h4 Bc3 44. g4 Bb2 45. g5 hxg5 46. hxg5 Bc3 47. Kg4
Ke7 48. Kf4 Kd6 49. g6 Bb2 50. e5+ fxe5+ 51. Ke4 Ke7 52. Nxe5 Bc1 53. Nd3 Ba3
54. Nf4 Bb2 55. Nd5+ Kd6 56. f6 gxf6 57. Kf5 1-0

[Event "Mediteranian Flower WGM Tournament"]
[Site "Rijeka CRO"]
[Date "2005.03.09"]
[Round "5.4"]
[White "Grabics, Monika"]
[Black "Srebrnic, Ana"]
[Result "1/2-1/2"]
[WhiteElo "2326"]
[BlackElo "2226"]
[PlyCount "68"]
[EventDate "2005.03.05"]
[EventType "tourn"]
[EventRounds "9"]
[EventCountry "CRO"]
[Source "lmi"]
[SourceDate "2005.03.12"]

1. e4 e5 2. Nf3 Nf6 3. Nxe5 d6 4. Nf3 Nxe4 5. Nc3 Nxc3 6. dxc3 Be7 7. Bf4 O-O
8. Qd2 Nd7 9. O-O-O Nc5 10. Nd4 Re8 11. f3 Ne6 12. Be3 Bg5 13. f4 Bf6 14. h3
Nc5 15. Bd3 Ne4 16. Bxe4 Rxe4 17. g4 Qe7 18. Rde1 Bh4 19. Bf2 Bxf2 20. Qxf2 Bd7
21. Rxe4 Qxe4 22. Re1 Qd5 23. Re7 Rd8 24. Qh4 f6 25. f5 Kf8 26. Re1 c5 27. Ne6+
Bxe6 28. fxe6 Re8 29. Qxh7 Rxe6 30. Qh8+ Kf7 31. Rxe6 Qh1+ 32. Kd2 Qd5+ 33. Kc1
Qh1+ 34. Kd2 Qd5+ 1/2-1/2

[Event "Mediteranian Flower WGM Tournament"]
[Site "Rijeka CRO"]
[Date "2005.03.09"]
[Round "5.5"]
[White "Ionica, Iulia-Ionela"]
[Black "Medic, Mirjana"]
[Result "1-0"]
[WhiteElo "2240"]
[BlackElo "2245"]
[PlyCount "145"]
[EventDate "2005.03.05"]
[EventType "tourn"]
[EventRounds "9"]
[EventCountry "CRO"]
[Source "lmi"]
[SourceDate "2005.03.12"]

1. e4 e6 2. d4 d5 3. Nd2 c5 4. exd5 exd5 5. Ngf3 Nf6 6. Bb5+ Bd7 7. Bxd7+ Nbxd7
8. O-O Be7 9. dxc5 Nxc5 10. Nb3 Nce4 11. Nfd4 Qd7 12. f3 Nd6 13. Nc5 Qc8 14.
Nd3 O-O 15. Re1 Re8 16. Bg5 Bd8 17. c3 Rxe1+ 18. Nxe1 Nh5 19. Be3 Nc4 20. Bf2
Bb6 21. Nd3 Qd7 22. b3 Nd6 23. Qd2 Nf6 24. Kh1 Re8 25. Bh4 Bxd4 26. cxd4 Qf5
27. Bg3 Nb5 28. Nf4 a6 29. a4 Na7 30. Rc1 Nc6 31. b4 h6 32. b5 axb5 33. axb5
Nd8 34. Nd3 Ne6 35. Nc5 b6 36. Nxe6 Rxe6 37. h3 Nh5 38. Be5 Qg6 39. Rc8+ Kh7
40. Qc2 Qxc2 41. Rxc2 Nf6 42. Rc6 Nd7 43. f4 g6 44. Kg1 h5 45. Kf2 g5 46. g3
gxf4 47. gxf4 Kg6 48. Kf3 Kf5 49. Rc7 Nxe5+ 50. dxe5 f6 51. exf6 Rxf6 52. Rh7
Ke6 53. Rxh5 Kd6 54. Re5 Kc5 55. h4 Kc4 56. f5 d4 57. Kf4 d3 58. Re1 Kxb5 59.
Kg5 Rf8 60. Rb1+ Kc5 61. f6 b5 62. Kg6 Rg8+ 63. Kh7 Rg4 64. h5 Rf4 65. Kg7 Rg4+
66. Kh6 Rf4 67. Kg6 Kd6 68. h6 d2 69. h7 Rh4 70. Rd1 Ke6 71. Rxd2 Rg4+ 72. Kh5
Rg1 73. Rh2 1-0

[Event "Mediteranian Flower WGM Tournament"]
[Site "Rijeka CRO"]
[Date "2005.03.09"]
[Round "6.1"]
[White "Macek, Vlasta"]
[Black "Medic, Mirjana"]
[Result "1/2-1/2"]
[WhiteElo "2214"]
[BlackElo "2245"]
[PlyCount "21"]
[EventDate "2005.03.05"]
[EventType "tourn"]
[EventRounds "9"]
[EventCountry "CRO"]
[Source "lmi"]
[SourceDate "2005.03.12"]

1. e4 e6 2. d4 d5 3. exd5 exd5 4. Bd3 Nc6 5. c3 Bd6 6. Ne2 Nge7 7. O-O O-O 8.
Bf4 Bf5 9. Bxd6 Qxd6 10. Bxf5 Nxf5 11. Nd2 1/2-1/2

[Event "Mediteranian Flower WGM Tournament"]
[Site "Rijeka CRO"]
[Date "2005.03.09"]
[Round "6.3"]
[White "Pahor, Andrea"]
[Black "Grabics, Monika"]
[Result "0-1"]
[WhiteElo "2064"]
[BlackElo "2326"]
[PlyCount "92"]
[EventDate "2005.03.05"]
[EventType "tourn"]
[EventRounds "9"]
[EventCountry "CRO"]
[Source "lmi"]
[SourceDate "2005.03.12"]

1. Nf3 c5 2. c4 Nc6 3. Nc3 g6 4. g3 Bg7 5. Bg2 d6 6. O-O Bd7 7. d3 Qc8 8. Re1
Bh3 9. Bh1 h5 10. e4 Bg4 11. h4 Qd7 12. Qa4 Nh6 13. Nd5 O-O 14. Ne3 f5 15. exf5
Nxf5 16. Nxg4 hxg4 17. Ng5 Nfd4 18. Bd5+ Kh8 19. Qd1 e5 20. Be3 Rae8 21. Kg2
Nb4 22. Be4 Nbc2 23. Rh1 Nxe3+ 24. fxe3 Nf5 25. Qe2 Bh6 26. Rh2 Kg7 27. Rah1
Rh8 28. Qf2 Ref8 29. Qe2 Qe7 30. Bxf5 gxf5 31. e4 Bxg5 32. hxg5 Rxh2+ 33. Rxh2
Qxg5 34. exf5 Rxf5 35. Rh4 Rf4 36. Rh1 Rd4 37. Rh4 Qf5 38. b3 a6 39. Kh2 b5 40.
Qg2 e4 41. Qe2 Kf6 42. dxe4 Rxe4 43. Qd2 Ke7 44. Rh6 Qe5 45. Rh7+ Ke8 46. Qd3
Re2+ 0-1